Chivas- Prawie straciłem głos - Statystyki

Ogólne statystyki
  • Ten quiz został rozwiązany 217 razy
  • Średni wynik to 261 z 322
Statystyki odpowiedzi
Odpowiedź % Poprawnych
głos
99%
prawie
97%
straciłem
97%
a
96%
w
96%
z
96%
i
95%
na
95%
to
94%
o
92%
nie
91%
po
91%
do
90%
no
88%
ma
87%
on
87%
przy
87%
się
87%
czego
86%
rok
86%
tak
86%
ale
84%
bo
84%
chcą
84%
dom
84%
jeszcze
84%
ty
84%
wybuduje
84%
czekając
83%
nią
83%
oni
83%
taki
83%
tutaj
83%
za
83%
ciagle
82%
czasów
82%
głowę
82%
go
82%
jak
82%
miejsca
82%
rozbić
82%
strachu
82%
takich
82%
te
82%
żyje
82%
całe
81%
mosty
81%
nikomu
81%
palę
81%
pozwolę
81%
sobą
81%
szczęście
81%
trochę
81%
całej
79%
dość
79%
kiedy
79%
miałem
79%
od
79%
polsce
79%
przez
79%
przystanku
79%
79%
spałem
79%
zostanę
79%
by
78%
całą
78%
cała
78%
hotelach
78%
zobaczymy
78%
sumie
77%
trasie
77%
że
77%
dla
75%
pasów
75%
pierwszej
75%
rockstar
75%
bardzo
74%
boleć
74%
kąpałem
74%
musi
74%
polska
74%
życie
74%
brałem
73%
robiąc
73%
zapiąłem
73%
chyba
71%
mnie
71%
ojcem
71%
roku
71%
sam
71%
ślubu
71%
taty
71%
wychowałem
71%
alimenty
70%
broniłem
70%
była
70%
chociaż
70%
co
70%
czemu
70%
dostałem
70%
gdy
70%
końcu
70%
która
70%
łeb
70%
mamy
70%
prosta
70%
przed
70%
zostałem
70%
jej
69%
nim
69%
nosić
69%
okularów
69%
płyty
69%
rany
69%
wypłaciłem
69%
drogę
68%
już
68%
krzyczy
68%
nauczył
68%
niech
68%
perfumy
68%
platynowe
68%
przygotuję
68%
tym
68%
wywietrzały
68%
bluzie
66%
ciekawe
66%
dawno
66%
który
66%
pewnie
66%
polskę
66%
przemierzyłem
66%
przeprowadzek
66%
przerwy
66%
stary
66%
dopiero
65%
dziesięć
65%
gotowy
65%
myśli
65%
potrzebuje
65%
rozstał
65%
sąsiadek
65%
sąsiadów
65%
szafek
65%
typ
65%
usłyszała
65%
wtedy
65%
wygojone
65%
zapytaj
65%
żeby
65%
cały
64%
dziesięciu
64%
mogę
64%
pokój
64%
teraz
64%
albo
62%
jakiś
62%
najlepsze
62%
odespać
62%
wszystkim
62%
wybacz
62%
wypełniają
62%
krzyczałem
61%
dj-a
56%
Nie znaleziono quizów pasujących do podanych kryteriów
Rozkład punktacji
Procent ludzi z każdym wynikiem
Percentyl według liczby udzielonych odpowiedzi
Twoja historia wyników
Nie rozwiązałeś tego quizu